Statistics for Most Populous Islands of New Zealand

Click here to take the quiz!

General Stats

  • This quiz has been taken 251 times
  • The average score is 5 of 10

Answer Stats

PopulationIsland% Correct
3,422,000North Island
100%
1,048,000South Island
99%
400Stewart Island
85%
7,700Waiheke Island
61%
600Chatham Island
59%
850Great Barrier Island
51%
81Kawau Island
23%
52d'Urville Island
18%
225Matakana Island
16%
50Arapawa Island
8%

Score Distribution

Percentile by Number Answered

Percent of People with Each Score

Your Score History

You have not taken this quiz